Sudden Death - Nachbarländer Litauens - Statistiken

Allgemein
  • Dieses Quiz wurde 40 mal gespielt
  • Das Durchschnittsergebnis liegt bei 4 aus 6
Answers on the Grid
Answers color-coded by a green-red scale on the quiz's grid according to % correct below.
Litauen🇱🇹
Litauen🇱🇹
Belarus🇧🇾
Lettland🇱🇻
Polen🇵🇱
Russland🇷🇺
Estland🇪🇪
Ukraine🇺🇦
Kasachstan🇰🇿
Finnland🇫🇮
Schweden🇸🇪
Dänemark🇩🇰
Deutschland🇩🇪
Tschechien🇨🇿
Slowakei🇸🇰
Ungarn🇭🇺
Moldau🇲🇩
Österreich🇦🇹
Rumänien🇷🇴
Schweiz🇨🇭
 
Antwortstatistiken
Antwort % Korrekt
Lettland🇱🇻
85%
Belarus🇧🇾
81%
Polen🇵🇱
81%
Russland🇷🇺
70%
Litauen🇱🇹
67%
Litauen🇱🇹
63%
Keine übereinstimmenden Quizze gefunden
Verteilung der Resultate
Anzahl Personen mit jedem Resultat
Perzentil nach korrekt beantworteten Fragen
Ihre Resultats-Entwicklung
Sie haben dieses Quiz noch nicht gespielt